stan eminem lyrics - Statistics

General Stats
  • This quiz has been taken 88 times
  • The average score is 239 of 500
Answer Stats
Hint Answer % Correct
I
93%
I
93%
i
93%
Intro My
93%
my
93%
a
88%
an
82%
who
81%
all
79%
all
79%
it
79%
and
78%
be
78%
Im
78%
The
78%
the
78%
when
78%
at
76%
can
76%
you
76%
You
76%
cold
75%
no
75%
of
75%
on
75%
gone
74%
got
74%
out
72%
so
72%
bed
71%
He
71%
he
71%
if
71%
If
71%
see
71%
See
71%
why
71%
bad
69%
me
68%
not
68%
window
66%
slim
65%
Slim
65%
But
63%
but
63%
call
63%
do
63%
even
63%
that
63%
wondering
63%
wrote
63%
to
62%
your
62%
picture
60%
reminds
60%
could
59%
Verse 2 | Verse1 Dear
59%
rain
59%
up
59%
morning
57%
stan
57%
wall
57%
is
56%
in
53%
hear
49%
grey
47%
still
47%
too
47%
fan
46%
have
46%
name
46%
was
46%
did
44%
man
44%
her
43%
this
43%
callin
41%
clouds
41%
brother
40%
how
40%
phat
40%
We
40%
we
40%
back
38%
biggest
38%
Bonnie
38%
like
38%
pregnant
38%
what
38%
him
37%
must
37%
some
37%
em
35%
father
35%
for
35%
just
35%
letters
35%
want
35%
would
35%
or
34%
shit
34%
about
32%
daughter
32%
fuck
32%
guess
32%
kill
32%
sometimes
32%
think
32%
addresses
31%
bein
31%
bitch
31%
bottom
31%
get
31%
sorry
31%
with
31%
friend
29%
home
29%
know
29%
phone
29%
post
29%
put
29%
talk
29%
two
29%
been
28%
every
28%
his
28%
hope
28%
little
28%
real
28%
somethin
28%
than
28%
Uncle
28%
write
28%
autumn
26%
day
26%
girlfriends
26%
had
26%
himself
26%
left
26%
more
26%
much
26%
said
26%
answer
25%
cell
25%
cut
25%
mad
25%
over
25%
pager
25%
say
25%
Ima
24%
myself
24%
office
24%
probably
24%
read
24%
sent
24%
she
24%
there
24%
bleeds
22%
fans
22%
fucked
22%
hours
22%
Matthew
22%
mom
22%
never
22%
one
22%
outside
22%
shitty
22%
sloppy
22%
song
22%
waited
22%
yours
22%
anyways
21%
Anyways
21%
beat
21%
chat
21%
only
21%
problem
21%
Ronnie
21%
tattoo
21%
always
19%
autograph
19%
bout
19%
called
19%
cause
19%
concert
19%
does
19%
four
19%
full
19%
pain
19%
underground
19%
way
19%
across
18%
chest
18%
everything
18%
hit
18%
knew
18%
old
18%
pictures
18%
room
18%
sayin
18%
scribble
18%
signed
18%
sudden
18%
used
18%
likes
16%
met
16%
posters
16%
really
16%
rush
16%
six
16%
tell
16%
though
16%
wants
16%
years
16%
7
15%
adrenaline
15%
chance
15%
cheat
15%
fuckin
15%
idol
15%
jot
15%
lied
15%
relate
15%
24
13%
away
13%
blisterin
13%
helps
13%
jealous
13%
neither
13%
pretty
13%
skam
13%
such
13%
truly
13%
depressed
12%
Remember
12%
Denver
10%
respect
10%
drift
9%
else
9%
it´s
7%
It´s
7%
I´m
6%
ain´t
4%
can´t
4%
coulda
4%
how´s
4%
Rawkus
4%
tea´s
4%
you´re
4%
didn´t
3%
don´t
3%
he´s
3%
it´d
3%
not´ve
3%
That´s
3%
what´s
3%
I´d
1%
No matching quizzes found
Score Distribution
Percent of People with Each Score
Percentile by Number Answered
Your Score History
You have not taken this quiz